<?xml version="1.0" encoding="UTF-8"?>
<collection xmlns="http://www.loc.gov/MARC21/slim">
 <record>
  <leader>01915nam a2200217Ia 4500</leader>
  <controlfield tag="001">CTU_184995</controlfield>
  <controlfield tag="008">210402s9999    xx            000 0 und d</controlfield>
  <datafield tag="082" ind1=" " ind2=" ">
   <subfield code="a">632.9</subfield>
  </datafield>
  <datafield tag="082" ind1=" " ind2=" ">
   <subfield code="b">Th400</subfield>
  </datafield>
  <datafield tag="088" ind1=" " ind2=" ">
   <subfield code="a">60620112</subfield>
  </datafield>
  <datafield tag="100" ind1=" " ind2=" ">
   <subfield code="a">Trần, Thị Tho</subfield>
  </datafield>
  <datafield tag="245" ind1=" " ind2="0">
   <subfield code="a">Khảo sát đặc tính sinh học và di truyền của các chủng nấm Paecilomyces và Ophiocordyceps gây hại côn trùng ; Bước đầu xác định khả năng phòng trị của nấm Paecilomyces đối với rệp sáp giả :</subfield>
  </datafield>
  <datafield tag="245" ind1=" " ind2="0">
   <subfield code="b">Luận văn tốt nghiệp cao học. Chuyên ngành: Bảo vệ Thực vật</subfield>
  </datafield>
  <datafield tag="245" ind1=" " ind2="0">
   <subfield code="c">Trần Thị Tho ; Trần Văn Hai (Hướng dẫn khoa học)</subfield>
  </datafield>
  <datafield tag="260" ind1=" " ind2=" ">
   <subfield code="a">Cần Thơ</subfield>
  </datafield>
  <datafield tag="260" ind1=" " ind2=" ">
   <subfield code="b">Trường Đại học Cần Thơ</subfield>
  </datafield>
  <datafield tag="260" ind1=" " ind2=" ">
   <subfield code="c">2013</subfield>
  </datafield>
  <datafield tag="520" ind1=" " ind2=" ">
   <subfield code="a">Nội dung đề tài nghiên cứu xác định loài của chín chủng nấm dựa vào phân loại hình thái theo phương pháp truyền thống và kết hợp với kỹ thuật sinh học phân tử dựa trên trình tự vùng IST-rDNA; ảnh hưởng của nguồn dinh dưỡng đến sự phát triển của nấm Ophiocordyceps heteropoda và Paecilomyces javanicus; Khả năng hình thành bào tử của các chủng nấm Ophiocordyceps heteropoda và Paecilomyces javanicus; ảnh hưởng của một số loại thuốc trừ nấm đến sự phát triển của nấm Ophiocordyceps heteropoda và Paecilomyces javanicus; Xác định hiệu quả trừ rệp sáp giả của nấm Paecilomyces javanicus trong điều kiện phòng thí nghiệm.</subfield>
  </datafield>
  <datafield tag="650" ind1=" " ind2=" ">
   <subfield code="a">Nấm,Rệp sáp,Paecilomyces,Mealybugs,Ophiocordyceps heteropoda</subfield>
  </datafield>
  <datafield tag="904" ind1=" " ind2=" ">
   <subfield code="i">Thùy An, Trúc</subfield>
  </datafield>
  <datafield tag="980" ind1=" " ind2=" ">
   <subfield code="a">Trung tâm Học liệu Trường Đại học Cần Thơ</subfield>
  </datafield>
 </record>
</collection>
<br />
<b>Notice</b>:  fwrite(): write of 437 bytes failed with errno=28 No space left on device in <b>C:\vufind\module\VuFind\src\VuFind\Session\File.php</b> on line <b>152</b><br />
Cannot write session to C:\Windows\TEMP\vufind_sessions/sess_8irecf9mvtine02f352ogcdst5
<br />
<b>Warning</b>:  session_write_close(): Failed to write session data using user defined save handler. (session.save_path: \xampp\tmp) in <b>C:\vufind\vendor\laminas\laminas-session\src\SessionManager.php</b> on line <b>235</b><br />
